000 00879nam a2200277 a 4500
008
020 _a0471303771 (cased)
049 _aMAIN
090 _aQA371
100 1 _aRice, Richard G.
245 1 0 _aApplied mathematics and modeling for chemical engineers /
_cRichard G. Rice, Duong D. Do.
260 _aNew York :
_bWiley,
_cc1995.
300 _axiv, 706 p. :
_bill. ;
_c26 cm.
440 0 _aWiley series in chemical engineering.
504 _aIncludes bibliographical references.
500 _aIncludes index.
650 0 _aDifferential equations.
650 0 _aChemical processes
_xMathematical models.
650 0 _aChemical engineering
_xMathematics.
700 1 _aDuong, D. Do.
907 _a.b10000173
_b29-01-04
_c17-04-03
003
005 20230123133600.0
040 _cNUST
942 _cBOOKS
_kQA371
999 _c151075
_d151075